|
|
|
|
| LEADER |
01014nam a22002412a 4500 |
| 001 |
000768587 |
| 003 |
CZ BrMZK |
| 005 |
20260210094856.0 |
| 007 |
ta |
| 008 |
050331s1931 xr er|||||||||||cze d |
| 015 |
|
|
|a cnb000548922
|
| 035 |
|
|
|a (OCoLC)85391672
|
| 040 |
|
|
|a BOA001
|b cze
|
| 100 |
1 |
|
|a Neuhöfer, Rudolf,
|d 1876-1945
|7 jk01090031
|4 aut
|
| 245 |
1 |
0 |
|a Střední školství v Československu :
|b informativní knížka pro poučení a pro přípravu kandidátů středoškolské profesury /
|c Rudolf Neuhöfer
|
| 260 |
|
|
|a Praha :
|b Státní nakladatelství,
|c 1931
|
| 300 |
|
|
|a 55 s.
|
| 856 |
4 |
1 |
|u http://www.digitalniknihovna.cz/mzk/uuid/uuid:085fcd30-0be5-11e4-8e0d-005056827e51
|y Digitalizovaný dokument
|x NDK
|
| 910 |
|
|
|a BOA001
|b PK-II-0007.520
|b 2-0142.944
|
| 920 |
|
|
|a 000378567
|
| 990 |
|
|
|a BK
|
| 996 |
7 |
|
|b 2619822359
|c 2-0142.944
|l MZK
|r Sklad / do 24 hodin
|n 5
|w 000768587
|u 000020
|a 1
|e BOA001
|j MZK50
|s A
|
| 996 |
7 |
|
|b 3119657629
|c PK-II-0007.520
|l MZK
|r Sklad / do 1 hodiny
|n 4
|w 000768587
|u 000010
|a 1
|e BOA001
|j MZK50
|s A
|